El cristianismo y las religiones: del desencuentro al diálogo
Salvato in:
| Autore principale: | |
|---|---|
| Natura: | Libro |
| Lingua: | spagnolo |
| Pubblicazione: |
Santander
Sal Terrae
2002
|
| Serie: | Presencia Teológica, 121
|
| Soggetti: | |
| Tags: |
Aggiungi Tag
Nessun Tag, puoi essere il primo ad aggiungerne!!
|
MARC
| LEADER | 00000nam a2200000 a 4500 | ||
|---|---|---|---|
| 001 | UCL4982 | ||
| 003 | CL-VaPUC | ||
| 008 | 040227e20020000SP |||||||||||||||||spa|d | ||
| 020 | |a 8429314687 | ||
| 082 | 0 | 4 | |a 261 |b DUP |2 21 |
| 100 | 0 | |a Dupuis, Jacques |e author |9 482724 | |
| 245 | 1 | 3 | |a El cristianismo y las religiones: del desencuentro al diálogo |
| 300 | |a 360 p | ||
| 942 | |c BK | ||
| 945 | |d 20040227 00:00:00 |a cmena | ||
| 260 | |a Santander |b Sal Terrae |c 2002 | ||
| 650 | 7 | |a RELIGION COMPARADA |2 CL-VaPUC |9 482725 | |
| 650 | 0 | |a Teología |9 258766 | |
| 650 | 0 | |a Pluralismo religioso |9 393164 | |
| 583 | |a last modification |c 20040227 00:00:00 |k Rodrigo Vera | ||
| 490 | 0 | |a Presencia Teológica, 121 | |
| 999 | |c 307727 |d 307725 | ||
| 952 | |0 0 |1 0 |4 0 |6 261_000000000000000_DUP_2002 |7 0 |8 A |9 373810 |a BIBTEO |b BIBTEO |d 2019-11-21 |i 3984486 |l 2 |m 5 |o 261 DUP 2002 |p 3984486 |q 2024-07-31 |r 2021-12-02 |s 2021-12-02 |w 2019-11-21 |y BK |k ICR | ||